1094 1498 1933 1035 1279 1521 1149 1381 1414 1094 1893 1915 1867 1805 1023 1482 1983 1517 1638 1083 1619 1656 1347 1296 1784 1473 1384 1244 1180 1054 1778 1321 1516 1676 1391 1071 1364 1779 1765 1471 1466 1224 1331 1102 1517 1714 1693 1054 1875 1363 1489 1275 1163 1563 1129 1476 1978 1446 1168 1819 1705 1980 1568 1607 1764 1708 1406 1105 1036 1497 1703 1761 1673 1988 1754 1527 1338 1857 1541 1349 1434 1559 1039 1408 1333 1242 1878 1716 1209 1392 1509 1422 1426 1755 1742 1273 1159 1015 1497 BCNSPRNW ULIB Ver.6.0+V

เปลี่ยนเป็นภาษาไทย

Change to English
 แสดงรายละเอียดบรรณานุกรม
  กลับหน้าหลัก

Brief Record : Get Marc (ISO 2709) : E-mail record : QR code < ปิดหน้าต่าง
LEADER : 00000nam 2200000uu 4500
001    13399115087
003     ULIB
008    120110s2550||||th 000 0 tha d
099    วจ.WY18^bพ813ก
100 0  พึงพิศ การงาม
245 00 การวิเคราะห์ต้นทุนผลผลิตของ วิทยาลัยพยาบาลบรมราชชนนี นครราชสีมา ปีงบประมาณ 2548/^cพึงพิศ การงาม ,อรพรรณ พงษ์ประสิทธิ์ ,ศรีวรรณ เอมราช และ พาลินท์ บุญประเสริฐ
260    นครราชสีมา :^bวิทยาลัยพยาบาลบรมราชชนนี นครราชสีมา,^c2550
300    58 หน้า :^bตาราง
500    รายงานการวิจัย
650  7 การวิเคราะห์ต้นทุนผลผลิต^xวิจัย
700 02 อรพรรณ พงษ์ประสิทธิ์
700 02 ศรีวรรณ เอมรา
700 02 พาลินท์ บุญประเสริฐ
710 1  วิทยาลัยพยาบาลบรมราชชนนี นครราชสีมา
945    ^p0^l0^i021913
995    ทศพร
999 ^a ทศพร
รายการนี้ยังไม่มีแท็ก
คุณยังไม่ได้ล็อกอิน คุณสามารถมีกิจกรรมร่วมกับเว็บไซต์ได้ แต่ต้องล็อกอินก่อน ::
  ล็อกอิน

รายการสื่อสารสนเทศ

ลำดับที่ ประเภท เลขเรียก/บาร์โค้ด สถานที่ สถานะ
1. งานวิจัย
งานวิจัย
วจ.WY18 พ813ก ฉ.1 
  Barcode: 021913
ห้องสมุดวิทยาเขตสวรรค์ประชารักษ์
►วิจัย
บนชั้น

BibComment


ยังไม่เคยถูกคอมเมนท์

คอมเมนท์ทรัพยากรรายการนี้
  คอมเมนท์: การวิเคราะห์ต้นทุ..


 Copyright 2026. Bcnsprnw @Library